000 00762nas a2200265Ia 4500
001 A10/R172-34188
003 IT-MiCISF
008 161014c99999999xx |||||||||||| ||und||
040 _aIT-MiCISF
_cIT-MiCISF
041 _aITALIANO
100 _aDonati Pierpaolo
210 _aVita pastorale
222 _aVita pastorale
245 0 _aFamiglia è un nome plurale?
250 _a1a ed.
260 _c2001
501 _bCISF - Centro Internazionale Studi Famiglia - Via Giotto, 36 20145 MILANO (non commercial uses only)
_cCopyright 2016
300 _app. 28-30
362 _an. 10, ottobre [2001]
500 _a Tema: famiglia, società, cisf
650 _aFAMIGLIA
_varticolo
700 _aAA.VV.
942 _cCR
957 _71
999 _a34188
_bSi
_g1
_c227235
_d227235